000 00732nam a2200277Ia 4500
005 20260320195754.0
008 008 262003s9999 xx 000 0 hin d
020 _a9788126730025
037 _aEBOOK
040 _aCRL
040 _bhin
040 _cCRL
041 _2hin
041 _ahin
084 _qCRL
100 _aअल्पना मिश्रा
_91132886
245 0 _aस्याही में सुरखाब के पंख
250 _a1st
260 _bRajkamal
260 _c2017
300 _a128
856 _uhttps://ebook.indiaread.in/pdfs/syahi_mein_surkhab_ke_pankh_by_alpana_mishra_11-01-2017_final.pdf
942 _cEBOOK
999 _c1716412
_d1716412